| 000 | 00951nam a2200253Ia 4500 | ||
|---|---|---|---|
| 003 | OSt | ||
| 005 | 20220923211153.0 | ||
| 006 | a|||||r|||| 00| 0 | ||
| 007 | ta | ||
| 008 | 220922b |||||||| |||| 00| 0 pan d | ||
| 020 |
_a8187654287 (hbk) _c980 |
||
| 024 | _a353,407 | ||
| 037 |
_b1172, 06/01/2020, H.K. Prakashan _cTextual |
||
| 040 |
_aARTS _cARTS _bpan |
||
| 041 |
_2pan _apan |
||
| 082 | _aQ8441xI69, 153Q9 | ||
| 100 |
_aਸਾਗੂ, ਹਰਬੰਸ ਕੌਰ, ਥਦ. _9159106 |
||
| 245 | 0 | _aਸ੍ਰੀ ਗੁਰੂ ਨਾਨਕ ਦੇਗ ਜੀ ਇਤਿਹਾਸ ਤੇ ਚਰਨਾ | |
| 260 |
_aਦਿੱਲੀ _b ਮਨਪ੍ਰੀਤ ਪ੍ਰਕਾFਨ _c2019 |
||
| 300 |
_a454ਪ੍ਰ0 _ccm. |
||
| 650 |
_aਗੁਰੂ ਨਾਨਕ ਦੇਵ _9159107 |
||
| 942 |
_hQ8441xI69, 153Q9 _cTEXL _2CC |
||
| 999 |
_c296303 _d296303 |
||